<?xml version="1.0" encoding="UTF-8"?>
<record
    xmlns:xsi="http://www.w3.org/2001/XMLSchema-instance"
    xsi:schemaLocation="http://www.loc.gov/MARC21/slim http://www.loc.gov/standards/marcxml/schema/MARC21slim.xsd"
    xmlns="http://www.loc.gov/MARC21/slim">

  <leader>01208njm a22002897a 4500</leader>
  <controlfield tag="005">20100914102110.0</controlfield>
  <controlfield tag="006">a|||||r|||||00| 0 </controlfield>
  <controlfield tag="007">sd ammalaaahaa</controlfield>
  <controlfield tag="008">100909t        xxu||||| |||| 00| 0 eng d</controlfield>
  <datafield tag="028" ind1=" " ind2=" ">
    <subfield code="a">TAE.1089</subfield>
    <subfield code="b">ODEON</subfield>
  </datafield>
  <datafield tag="035" ind1=" " ind2=" ">
    <subfield code="a">GR-02270</subfield>
  </datafield>
  <datafield tag="040" ind1=" " ind2=" ">
    <subfield code="a">SED</subfield>
    <subfield code="c">SED</subfield>
  </datafield>
  <datafield tag="100" ind1=" " ind2=" ">
    <subfield code="9">17690</subfield>
    <subfield code="a">Mangeshkar,Lata</subfield>
  </datafield>
  <datafield tag="245" ind1=" " ind2=" ">
    <subfield code="a">Bees Saal Baad /</subfield>
    <subfield code="c">sung by Lata Mangeshkar; Music by Hemant Kumar ; Lyric by Shakeel Badayuni</subfield>
    <subfield code="h">[Sound Recording] :</subfield>
  </datafield>
  <datafield tag="246" ind1=" " ind2=" ">
    <subfield code="a">&#x92C;&#x940;&#x938;  &#x938;&#x93E;&#x932;  &#x92C;&#x93E;&#x926; / </subfield>
  </datafield>
  <datafield tag="260" ind1=" " ind2=" ">
    <subfield code="a">Dum Dum, India </subfield>
    <subfield code="b">ODEON</subfield>
    <subfield code="c">n.d</subfield>
  </datafield>
  <datafield tag="300" ind1=" " ind2=" ">
    <subfield code="a">1 sound disc (Gramophone Recording)</subfield>
    <subfield code="b">analog, 45 rpm</subfield>
    <subfield code="c">7.5 in. (SP)</subfield>
    <subfield code="f">Gramophone Record</subfield>
  </datafield>
  <datafield tag="500" ind1=" " ind2=" ">
    <subfield code="a">Brief Record</subfield>
  </datafield>
  <datafield tag="500" ind1=" " ind2=" ">
    <subfield code="a">Records Labels :ODEON,Black</subfield>
  </datafield>
  <datafield tag="505" ind1=" " ind2=" ">
    <subfield code="a">Side1 &#x915;&#x939;&#x940;&#x902; &#x926;&#x940;&#x92A;  &#x91C;&#x932;&#x947; &#x915;&#x939;&#x940;&#x902; &#x926;&#x93F;&#x932; (Kahin deep jale kahin dil) (Lata Mangeshkar) Side 2 &#x92C;&#x947;&#x915;&#x93C;&#x930;&#x93E;&#x930;  &#x915;&#x930;&#x915;&#x947;  &#x939;&#x92E;  (Bekarar kareke hum) (Hemant Kumar) .</subfield>
  </datafield>
  <datafield tag="600" ind1=" " ind2=" ">
    <subfield code="a">Mangeshkar,Lata</subfield>
    <subfield code="9">19802</subfield>
  </datafield>
  <datafield tag="650" ind1=" " ind2=" ">
    <subfield code="a">Film Songs</subfield>
    <subfield code="x">Excerpts</subfield>
    <subfield code="z">India</subfield>
    <subfield code="9">17691</subfield>
  </datafield>
  <datafield tag="700" ind1=" " ind2=" ">
    <subfield code="a">Hemant Kumar</subfield>
    <subfield code="9">19192</subfield>
  </datafield>
  <datafield tag="700" ind1=" " ind2=" ">
    <subfield code="a">Badayuni,Shakeel </subfield>
    <subfield code="9">19860</subfield>
  </datafield>
  <datafield tag="942" ind1=" " ind2=" ">
    <subfield code="2">ddc</subfield>
    <subfield code="c">GR</subfield>
  </datafield>
  <datafield tag="999" ind1=" " ind2=" ">
    <subfield code="c">45550</subfield>
    <subfield code="d">45550</subfield>
  </datafield>
  <datafield tag="952" ind1=" " ind2=" ">
    <subfield code="0">0</subfield>
    <subfield code="1">0</subfield>
    <subfield code="2">ddc</subfield>
    <subfield code="4">0</subfield>
    <subfield code="7">1</subfield>
    <subfield code="8">NFIC</subfield>
    <subfield code="a">L</subfield>
    <subfield code="b">L</subfield>
    <subfield code="d">2010-09-14</subfield>
    <subfield code="e">SED/VEN</subfield>
    <subfield code="l">0</subfield>
    <subfield code="p">GR-02270</subfield>
    <subfield code="r">2010-09-14 00:00:00</subfield>
    <subfield code="t">1</subfield>
    <subfield code="w">2010-09-14</subfield>
    <subfield code="y">GR</subfield>
  </datafield>
</record>
